Medical Surgical Nursing : Nursing Process Approach Vol.2 (Record no. 369100)

MARC details
000 -LEADER
fixed length control field 00717 a2200229 4500
005 - DATE AND TIME OF LATEST TRANSACTION
control field 20260325125107.0
008 - FIXED-LENGTH DATA ELEMENTS--GENERAL INFORMATION
fixed length control field 251119b |||||||| |||| 00| 0 eng d
020 ## - INTERNATIONAL STANDARD BOOK NUMBER
International Standard Book Number 978-81-956020-3-2
041 ## - LANGUAGE CODE
Language code of text/sound track or separate title Eng
082 ## - DEWEY DECIMAL CLASSIFICATION NUMBER
Edition number 1st
Classification number MS 610.73677 TNA
Item number TNAI
100 ## - MAIN ENTRY--PERSONAL NAME
Author TNAI Pub.
245 ## - TITLE STATEMENT
Title Medical Surgical Nursing : Nursing Process Approach Vol.2
250 ## - EDITION STATEMENT
Edition statement 1st
260 ## - PUBLICATION, DISTRIBUTION, ETC.
Name of publisher, distributor, etc. TNAI
Date of publication, distribution, etc. 2024
Place of publication, distribution, etc. New Delhi
300 ## - PHYSICAL DESCRIPTION
Extent 1013p (911p to1923p)
Other physical details pb
Dimensions 28x21cm
365 ## - TRADE PRICE
Price type code Rupaye
Price amount 1475
Currency code INR
500 ## - GENERAL NOTE
Keywords Medical Surgical Nursing
521 ## - TARGET AUDIENCE NOTE
Target audience note Medical Surgical: Vol.2<br/>Nursing Process Approch
650 ## - SUBJECT ADDED ENTRY--TOPICAL TERM
Topical term or geographic name entry element Medical Surgical Nursing
651 ## - SUBJECT ADDED ENTRY--GEOGRAPHIC NAME
Geographic name Medical Surgical Nursing
942 ## - ADDED ENTRY ELEMENTS (KOHA)
Koha item type Books
Holdings
Withdrawn status Lost status Source of classification or shelving scheme Damaged status Not for loan Collection code Home library Current library Date acquired Vendor Net Price Total Checkouts Full call number Barcode Date last seen Discount Actual Price Bill Date Koha item type Original Barcode Date due Date last checked out
    Dewey Decimal Classification     MS Smt. Bakul Tambat Institute of Nursing Education Smt. Bakul Tambat Institute of Nursing Education 17/11/2025 TNAI Publication 885.00   MS 610.73677 TNA B11803 BTIN-BK-11803 17/11/2025 40% 1475.00 16/10/2025 Books BTIN-BK-11803    
    Dewey Decimal Classification     MS Smt. Bakul Tambat Institute of Nursing Education Smt. Bakul Tambat Institute of Nursing Education 17/11/2025 TNAI Publication 885.00   MS 610.73677 TNA B11802 BTIN-BK-11802 17/11/2025 40% 1475.00 16/10/2025 Books BTIN-BK-11802    
    Dewey Decimal Classification     MS Smt. Bakul Tambat Institute of Nursing Education Smt. Bakul Tambat Institute of Nursing Education 17/11/2025 TNAI Publication 885.00   MS 610.73677 TNA B11806 BTIN-BK-11806 19/11/2025 40% 1475.00 16/10/2025 Books BTIN-BK-11806    
    Dewey Decimal Classification     MS Smt. Bakul Tambat Institute of Nursing Education Smt. Bakul Tambat Institute of Nursing Education 17/11/2025 TNAI Publication 885.00   MS 610.73677 TNA B11811 BTIN-BK-11811 19/11/2025 40% 1475.00 16/10/2025 Books BTIN-BK-11811    
    Dewey Decimal Classification     MS Smt. Bakul Tambat Institute of Nursing Education Smt. Bakul Tambat Institute of Nursing Education 17/11/2025 217 885.00   MS 610.73677 TNA B11807 BTIN-BK-11807 19/11/2025 40% 1475.00 16/10/2025 Books BTIN-BK-11807    
    Dewey Decimal Classification     MS Smt. Bakul Tambat Institute of Nursing Education Smt. Bakul Tambat Institute of Nursing Education 17/11/2025 TNAI Publication 885.00   MS 610.73677 TNA B11804 BTIN-BK-11804 19/11/2025 40% 1475.00 16/10/2025 Books BTIN-BK-11804    
    Dewey Decimal Classification     MS Smt. Bakul Tambat Institute of Nursing Education Smt. Bakul Tambat Institute of Nursing Education 17/11/2025 TNAI Publication 885.00 1 MS 610.73677 TNA B11808 BTIN-BK-11808 08/05/2026   1475.00 16/10/2025 Books BTIN-BK-11808 15/05/2026 08/05/2026
    Dewey Decimal Classification     MS Smt. Bakul Tambat Institute of Nursing Education Smt. Bakul Tambat Institute of Nursing Education 17/11/2025 217 885.00   MS 610.73677 TNA B11805 BTIN-BK-11805 19/11/2025 40% 1475.00 16/10/2025 Books BTIN-BK-11805    
    Dewey Decimal Classification     MS Smt. Bakul Tambat Institute of Nursing Education Smt. Bakul Tambat Institute of Nursing Education 17/11/2025 TNAI Publication 885.00 1 MS 610.73677 TNA B11809 BTIN-BK-11809 10/03/2026 40% 1475.00 16/10/2025 Books BTIN-BK-11809   27/02/2026
    Dewey Decimal Classification     MS Smt. Bakul Tambat Institute of Nursing Education Smt. Bakul Tambat Institute of Nursing Education 17/11/2025 TNAI Publication 885.00   MS 610.73677 TNA B11810 BTIN-BK-11810 19/11/2025 40% 1475.00 16/10/2025 Books BTIN-BK-11810